[Event "AUTO-ADV-2594"]
[Site "http://www.queenalice.com/game.php?id=1122111"]
[Date "2012.11.14"]
[Round "2"]
[White "rubensoliveira"]
[Black "sergio_damian"]
[Result "1-0"]
[WhiteElo "2011"]
[BlackElo "1907"]

1. e4 e5 2. Nf3 d6 3. Bc4 Be7 4. Nc3 Nf6 5. d4 Bg4 6. dxe5 Bxf3 7. Qxf3 dxe5 8.
O-O O-O 9. Rd1 Qc8 10. Qg3 Qg4 11. Be3 Qxg3 12. fxg3 a6 13. Nd5 Bd8 14. Bg5 Nbd7
15. Nxf6+ Nxf6 16. Rd3 h6 17. Bxf6 Bxf6 18. Rd7 Rac8 19. a4 Bg5 20. Kf2 Bf6 21.
b4 Rcd8 22. Rad1 c6 23. b5 axb5 24. axb5 c5 25. Ke2 b6 26. Rb7 Rxd1 27. Kxd1 Bd8
28. Ke2 g5 29. Kf3 Kg7 30. Kg4 Kg6 31. h4 f6 32. h5# 1-0

[Event "AUTO-ADV-2594"]
[Site "http://www.queenalice.com/game.php?id=1122112"]
[Date "2012.11.14"]
[Round "2"]
[White "sergio_damian"]
[Black "rubensoliveira"]
[Result "0-1"]
[WhiteElo "1895"]
[BlackElo "2011"]

1. e4 e5 2. Nf3 Nc6 3. Nc3 Nf6 4. Bc4 Be7 5. Ng5 O-O 6. Nf3 d6 7. O-O Be6 8.
Bxe6 fxe6 9. d3 Nd4 10. Be3 Nxf3+ 11. Qxf3 Nd5 12. Qh3 Nxc3 13. Qxe6+ Rf7 14.
bxc3 Qf8 15. d4 Kh8 16. Qg4 Rf6 17. d5 Rg6 18. Qe2 Bg5 19. Rab1 b6 20. Qd2 Qe7
21. f4 exf4 22. Bxf4 Bxf4 23. Rxf4 Rf8 24. a4 Rxf4 25. Qxf4 Rf6 26. Qe3 a5 27.
c4 Rh6 28. Rf1 Kg8 29. Rf3 Qe5 30. Qf4 Qd4+ 31. Kh1 Rf6 32. Qg4 Rxf3 33. Qxf3
Qxc4 34. Qb3 Qf1# 0-1

[Event "AUTO-ADV-2594"]
[Site "http://www.queenalice.com/game.php?id=1122115"]
[Date "2012.11.14"]
[Round "2"]
[White "paco78"]
[Black "sergio_damian"]
[Result "0-1"]
[WhiteElo "1842"]
[BlackElo "1860"]

1. d4 d5 2. Nc3 e6 3. a3 Nf6 4. h3 Nc6 5. Bf4 a6 6. Nf3 Bd6 7. Ne5 Bd7 8. e3 O-O
9. Bd3 h6 10. Nxd7 Qxd7 11. Bxd6 Qxd6 12. O-O Rab8 13. b4 b5 14. Ne2 a5 15. c3
a4 16. Ng3 Na7 17. e4 dxe4 18. Nxe4 Nxe4 19. Bxe4 c6 20. Re1 Nc8 21. Ra2 Nb6 22.
Qf3 Rbc8 23. Qd3 Qd7 24. f4 Nd5 25. f5 Qd8 26. fxe6 Nf4 27. exf7+ Rxf7 28. Qe3
Nd5 29. Bxd5 Qxd5 30. Qe6 Qf5 31. Qxf5 Rxf5 32. Rae2 Kh7 33. g4 Rf3 34. Re3 Rcf8
35. Kg2 Rf2+ 36. Kg3 Ra2 37. Re6 Rc8 38. R1e5 Rxa3 39. Rc5 Ra1 40. Rexc6 Rxc6
41. Rxc6 a3 42. Ra6 a2 43. h4 Rg1+ 44. Kf4 a1=Q 45. Rxa1 Rxa1 46. Ke5 Rc1 47. d5
Rxc3 48. d6 Kg8 49. Ke6 Kf8 50. Kd7 Rd3 51. Kc7 Ke8 52. Kc6 Kd8 53. g5 hxg5 54.
hxg5 Rd4 55. Kc5 Rd3 56. Kc6 Rd4 57. Kc5 Rd3 58. g6 Kd7 59. Kxb5 Rxd6 60. Ka5
Kc7 61. b5 Kb7 62. Ka4 Rxg6 63. Ka5 Rf6 64. Ka4 g5 65. Ka5 g4 66. Ka4 g3 67. Ka5
g2 68. Ka4 g1=Q 69. Ka5 Qa1+ 70. Kb4 Rf4+ 71. Kc5 Qd4# 0-1

[Event "AUTO-ADV-2594"]
[Site "http://www.queenalice.com/game.php?id=1122116"]
[Date "2012.11.14"]
[Round "2"]
[White "sergio_damian"]
[Black "paco78"]
[Result "1-0"]
[WhiteElo "1871"]
[BlackElo "1819"]

1. e4 e5 2. Bc4 Nf6 3. Nf3 d5 4. exd5 e4 5. Nd4 Bc5 6. Nb3 Bb6 7. O-O Bg4 8. Be2
Bxe2 9. Qxe2 Qxd5 10. Nc3 Qe6 11. Re1 O-O 12. Nxe4 Ng4 13. h3 Nh6 14. d3 Nf5 15.
Bd2 Nc6 16. Bc3 Rfe8 17. Qd1 Qg6 18. Qg4 Qxg4 19. hxg4 Nh6 20. g5 Ng4 21. Rf1 a5
22. Nbc5 Bxc5 23. Nxc5 b6 24. Ne4 b5 25. a3 b4 26. Bd2 Nd4 27. c3 Nb3 28. Rad1
Nxd2 29. Nxd2 c5 30. Nc4 Ne5 31. Ne3 Red8 32. Rd2 Rxd3 33. Rfd1 Rxd2 34. Rxd2
Kf8 35. Rd5 bxa3 36. bxa3 f6 37. gxf6 gxf6 38. Rxc5 Kg7 39. f4 Ng6 40. g3 a4 41.
Nd5 Ra6 42. Kf2 h5 43. Rc7+ Kg8 44. c4 Kf8 45. c5 f5 46. c6 Ra5 47. Rc8+ Kf7 48.
Rd8 Rc5 49. c7 Ne7 50. Nxe7 Rxc7 51. Nxf5 Rc3 52. Rh8 Rxa3 53. Rxh5 Rb3 54. Nd4
Rb2+ 55. Kf3 a3 56. Ra5 a2 57. Ne2 Ke6 58. Nc1 Rb1 59. Nxa2 Ra1 60. Ra6+ Kf7 61.
Kf2 Kg7 62. g4 Rd1 63. f5 Rd7 64. Rg6+ Kf7 65. Kf3 Ra7 66. Nc1 Rc7 67. Ne2 Rc5
68. Ng3 Rc3+ 69. Kf4 Rc4+ 70. Kg5 Rc5 71. Ne4 Re5 72. Nd6+ Ke7 73. Nc4 Rc5 74.
Rg7+ Kf8 75. Kg6 Rxc4 76. g5 Rc6+ 77. f6 1-0

[Event "AUTO-ADV-2594"]
[Site "http://www.queenalice.com/game.php?id=1122119"]
[Date "2012.11.14"]
[Round "2"]
[White "sergio_damian"]
[Black "Espechess"]
[Result "0-1"]
[WhiteElo "1913"]
[BlackElo "2087"]

1. e4 c5 2. Bc4 Nc6 3. Nf3 e6 4. Nc3 Nf6 5. h3 d6 6. Bb5 Bd7 7. a3 Be7 8. d3 Qc7
9. Be3 h6 10. Qd2 d5 11. exd5 Nxd5 12. Nxd5 exd5 13. d4 c4 14. Bxc6 Bxc6 15. O-O
O-O 16. c3 Bd6 17. Qd1 Rfe8 18. b3 b5 19. b4 a5 20. Kh1 axb4 21. axb4 Rxa1 22.
Qxa1 Ra8 23. Qb2 Qa7 24. Rb1 Qa2 25. Qc1 Bd7 26. Qe1 Bf5 27. Rd1 Ra3 28. Bd2 Be4
29. Ng1 Qc2 30. Ne2 Bd3 31. Rc1 Qb2 32. Nf4 Bxf4 33. Bxf4 Be4 34. f3 Ra2 35. Qg1
Bd3 36. Be3 g5 37. f4 Be4 0-1

[Event "AUTO-ADV-2594"]
[Site "http://www.queenalice.com/game.php?id=1122120"]
[Date "2012.11.14"]
[Round "2"]
[White "Espechess"]
[Black "sergio_damian"]
[Result "1-0"]
[WhiteElo "2131"]
[BlackElo "1909"]

1. e4 e5 2. Nf3 d6 3. Bc4 Be7 4. Nc3 Nf6 5. d3 Bg4 6. Be3 Nc6 7. h3 Bh5 8. g4
Bg6 9. Qd2 a6 10. a3 h6 11. Nd5 Nxd5 12. Bxd5 Qd7 13. Nh2 O-O-O 14. O-O-O Nd4
15. f4 Nc6 16. f5 Bh7 17. Bxf7 Bf6 18. Be6 1-0

[Event "BRA X ARG"]
[Site "http://www.queenalice.com/game.php?id=1123988"]
[Date "2012.11.19"]
[Round "3"]
[White "sergio_damian"]
[Black "adrb"]
[Result "0-1"]
[WhiteElo "1913"]
[BlackElo "2193"]

1. e4 c5 2. Bc4 e6 3. Nc3 a6 4. Nf3 Nc6 5. d4 cxd4 6. Nxd4 Ne5 7. Bd3 Nf6 8. h3
Qc7 9. Bf4 Nxd3+ 10. cxd3 Qxf4 11. O-O Bc5 12. Nde2 Qh6 13. d4 Bb6 14. Qb3 Bd8
15. Rac1 O-O 16. f4 d6 17. e5 dxe5 18. dxe5 Nd7 19. Ne4 Be7 20. a3 b6 21. Qd3
Nc5 22. Nxc5 Bxc5+ 23. Kh1 Bb7 24. b4 Rad8 25. Qg3 Be7 26. Qg4 Bh4 27. Ng3 Bxg3
28. Qxg3 Rd2 29. Rf2 Rd4 30. Kh2 Rfd8 31. Rc7 Be4 32. Ra7 Rd3 33. Qg4 Bf5 34.
Qe2 Bxh3 35. gxh3 Qxh3+ 36. Kg1 Rg3+ 37. Rg2 Rd1+ 0-1

[Event "El Alfil "]
[Site "http://www.queenalice.com/game.php?id=1124921"]
[Date "2012.11.22"]
[Round "3"]
[White "Netuno"]
[Black "sergio_damian"]
[Result "0-1"]
[WhiteElo "1886"]
[BlackElo "1891"]

1. e4 e5 2. Nf3 d6 3. d4 exd4 4. Nxd4 Bd7 5. Nc3 Nf6 6. Bg5 Be7 7. Bxf6 Bxf6 8.
Qd2 Nc6 9. Nxc6 Bxc6 10. O-O-O O-O 11. Re1 Be5 12. f3 Qf6 13. Kb1 a6 14. g3 Qxf3
15. Bg2 Bxc3 16. Bxf3 Bxd2 17. Re2 Bg5 18. Bg2 Rfe8 19. Rhe1 Bb5 20. Rf2 Bc4 21.
b3 Bb5 22. c4 Bc6 23. Rfe2 Bf6 24. Kc2 h6 25. Kd3 Be5 26. Kc2 b5 27. cxb5 axb5
28. Kd3 b4 29. Rc1 Bb5+ 30. Kd2 Bxe2 31. Kxe2 Rxa2+ 32. Kf1 c5 33. Kg1 Rea8 34.
g4 Ra1 35. Rxa1 Rxa1+ 0-1

[Event "AUTO-ADV-2481"]
[Site "http://www.queenalice.com/game.php?id=1129605"]
[Date "2012.12.8"]
[Round "3"]
[White "sergio_damian"]
[Black "jlpbarreto"]
[Result "0-1"]
[WhiteElo "1904"]
[BlackElo "1983"]

1. e4 e5 2. Nf3 Nc6 3. Bc4 Bc5 4. Nc3 Nf6 5. h3 d6 6. Ng5 O-O 7. O-O h6 8. Nf3
Be6 9. Bb5 Bd7 10. d3 a6 11. Bxc6 bxc6 12. Bd2 Rb8 13. Rb1 Re8 14. a3 d5 15. Na4
Bd6 16. c3 Qe7 17. b4 Kh7 18. Nb2 dxe4 19. dxe4 Kg8 20. c4 c5 21. Nd3 Nxe4 22.
Re1 f5 23. Qc2 Qf6 24. Bc3 Nxc3 25. Qxc3 e4 26. Qd2 exf3 27. gxf3 Rxe1+ 28. Rxe1
Qg5+ 0-1

[Event "AUTO-ADV-2481"]
[Site "http://www.queenalice.com/game.php?id=1129606"]
[Date "2012.12.8"]
[Round "3"]
[White "jlpbarreto"]
[Black "sergio_damian"]
[Result "1-0"]
[WhiteElo "2051"]
[BlackElo "1869"]

1. e4 e5 2. Nf3 d6 3. d4 exd4 4. Nxd4 Bd7 5. Nc3 Nc6 6. Be2 Nf6 7. Bg5 Be7 8. h3
h6 9. Be3 a6 10. O-O O-O 11. Kh1 Nxd4 12. Qxd4 c5 13. Qd2 Bc6 14. f3 Nh5 15. Qe1
Nf6 16. Rd1 Nh7 17. Bxc5 Qc7 18. Ba3 Rab8 19. Nd5 Qd8 20. Nxe7+ Qxe7 21. Bxd6
Qf6 22. Bxf8 Rxf8 23. c3 Ng5 24. Bc4 Ne6 25. Bd5 Nf4 26. Bxc6 bxc6 27. Qf2 Re8
28. Rd2 Qg5 29. Rfd1 Rc8 30. b4 Ra8 31. Rd6 Rc8 32. Rd7 c5 33. a3 cxb4 34. cxb4
Rc3 35. Qa2 Rxa3 36. Qxf7+ Kh7 37. Qf5+ Qg6 38. Qxf4 Rb3 39. R1d6 Rb1+ 40. Kh2
Qh5 41. Qf5+ 1-0

[Event "noroc-2"]
[Site "http://www.queenalice.com/game.php?id=1157574"]
[Date "2013.3.4"]
[Round "4"]
[White "sergio_damian"]
[Black "ebpap123"]
[Result "0-1"]
[WhiteElo "1884"]
[BlackElo "1898"]

1. e4 c5 2. c4 Nc6 3. Nf3 d6 4. Nc3 e6 5. b3 Be7 6. Be2 a6 7. Bb2 Qc7 8. O-O Nf6
9. d3 O-O 10. h3 Bd7 11. a3 Ne8 0-1

[Event "Challenge"]
[Site "http://www.queenalice.com/game.php?id=1187192"]
[Date "2013.6.2"]
[Round "-"]
[White "filomenos"]
[Black "sergio_damian"]
[Result "0-1"]
[WhiteElo "2008"]
[BlackElo "1880"]

1. d4 d5 2. g3 Nf6 3. Bg2 Bf5 4. Nf3 e6 5. Bg5 h6 6. Bxf6 Qxf6 7. c3 Bd6 8. Nbd2
c5 9. O-O c4 10. b3 b5 11. b4 a5 12. a3 a4 13. Re1 O-O 14. e4 dxe4 15. Nxe4 Bxe4
16. Rxe4 Re8 17. Ne5 Ra7 18. Qe2 Rc7 19. Ng4 Qg6 20. Ne5 Bxe5 21. Rxe5 Nc6 22.
Bxc6 Rxc6 23. Re1 Rb6 24. d5 Qf6 25. dxe6 fxe6 26. f4 Qf7 27. f5 Kh8 28. fxe6
Qe7 29. Qe4 Rbb8 30. Kg2 Red8 31. Qe2 Re8 32. g4 Rb6 33. Qe3 Qb7+ 34. Kg1 Rd6
35. Qe4 Qb6+ 36. Kg2 Rd2+ 37. Re2 Rd1 38. Re1 Rd2+ 39. Kh1 Qf2 40. Rh5 Rxe6 41.
Qa8+ Kh7 42. Rg1 Qxg1+ 43. Kxg1 Re1# 0-1

[Event "Challenge"]
[Site "http://www.queenalice.com/game.php?id=1187195"]
[Date "2013.6.2"]
[Round "-"]
[White "sergio_damian"]
[Black "filomenos"]
[Result "1-0"]
[WhiteElo "1901"]
[BlackElo "1987"]

1. e4 d5 2. e5 g6 3. d4 Bg7 4. Be3 c6 5. c4 Bf5 6. c5 Nd7 7. Nf3 Bxb1 8. Rxb1 f6
9. e6 Nf8 10. Qb3 b6 11. Qa4 Qc8 12. Bd3 Nxe6 13. O-O Nh6 14. h3 b5 15. Qc2 O-O
16. b4 a5 17. a4 axb4 18. axb5 cxb5 19. Bxb5 Nc7 20. Rxb4 Nxb5 21. Rxb5 Nf5 22.
Qb3 Rb8 23. Qxd5+ Kh8 24. Rfb1 Rxb5 25. Rxb5 Rd8 26. Qe4 Qd7 27. Rb7 Qe8 28. d5
Bf8 29. Nd4 Nxe3 30. fxe3 Ra8 31. Ne6 Rc8 32. c6 Kg8 33. c7 f5 34. Qe5 Qd7 35.
Rb8 Kf7 36. Nxf8 Rxf8 37. Rxf8+ Kxf8 38. Qh8+ Kf7 39. c8=Q Qxc8 40. Qxc8 Kg7 41.
Qe6 Kf8 42. Kf2 Ke8 43. d6 Kd8 44. Qxe7+ 1-0

[Event "AUTO-OPEN-2717"]
[Site "http://www.queenalice.com/game.php?id=1187953"]
[Date "2013.6.5"]
[Round "3"]
[White "attachui"]
[Black "sergio_damian"]
[Result "1-0"]
[WhiteElo "2079"]
[BlackElo "1878"]

1. d4 d5 2. c4 e6 3. Nc3 Bb4 4. Bd2 Nf6 5. a3 Be7 6. Nf3 Nc6 7. Rc1 b6 8. e3 Bb7
9. b4 dxc4 10. Bxc4 a6 11. O-O O-O 12. Ng5 h6 13. Nh3 Bd6 14. f3 Bc8 15. Nf2 Bb7
16. d5 exd5 17. Nxd5 Nxd5 18. Bxd5 Bxh2+ 19. Kxh2 Qxd5 20. Qe2 Rfe8 21. Rcd1 Nd4
22. Qd3 Qh5+ 23. Nh3 Ne6 24. Qc4 Ng5 25. e4 Bc8 26. Bxg5 hxg5 27. Qxc7 Bxh3 28.
gxh3 b5 29. Rd5 Rac8 30. Qg3 f6 31. Kg2 Rc3 32. a4 Rxe4 33. axb5 Qg6 34. bxa6
1-0

[Event "AUTO-OPEN-2717"]
[Site "http://www.queenalice.com/game.php?id=1187954"]
[Date "2013.6.5"]
[Round "3"]
[White "sergio_damian"]
[Black "attachui"]
[Result "0-1"]
[WhiteElo "1887"]
[BlackElo "2070"]

1. e4 c5 2. Nc3 d6 3. Nf3 Nc6 4. Bc4 e6 5. a3 a6 6. d4 cxd4 7. Nxd4 Nxd4 8. Qxd4
b5 9. Bd3 Bb7 10. Bd2 Ne7 11. Bg5 f6 12. Bh4 e5 13. Qe3 Rc8 14. O-O Nc6 15. h3
Ne7 16. Rad1 d5 17. exd5 Rxc3 18. bxc3 Nxd5 19. Qf3 Be7 20. Qg4 O-O 21. Bg3 Qc8
22. c4 Nc3 23. Qxc8 Rxc8 24. Bf5 Rc7 25. Rd7 Rxd7 26. Bxd7 Bxa3 27. cxb5 axb5
28. Ra1 b4 29. Re1 Ne4 30. Bh2 Bb2 31. Bf5 Nd6 32. Rb1 Bc3 33. Be6+ Kf8 0-1

[Event "AUTO-OPEN-2717"]
[Site "http://www.queenalice.com/game.php?id=1187955"]
[Date "2013.6.5"]
[Round "3"]
[White "vivafischer"]
[Black "sergio_damian"]
[Result "1-0"]
[WhiteElo "2170"]
[BlackElo "1885"]

1. e4 e5 2. Nf3 d6 3. d4 exd4 4. Nxd4 Bd7 5. c4 Be7 6. Nc3 Nc6 7. Nc2 Nf6 8. Be2
h6 9. O-O O-O 10. h3 Be6 11. Bf4 a6 12. b3 Rb8 13. Qd2 Nh7 14. Be3 Bf6 15. Rad1
Ng5 16. f3 Nh7 17. f4 Be7 18. g4 Ra8 19. Nd4 Bd7 20. Nf5 Bxf5 21. gxf5 Qc8 22.
Nd5 Bh4 23. Kh2 Nf6 24. Nc3 Re8 25. Bf3 Re7 26. Nd5 Re8 27. Qg2 Nh7 28. Rg1 1-0

[Event "AUTO-OPEN-2717"]
[Site "http://www.queenalice.com/game.php?id=1187956"]
[Date "2013.6.5"]
[Round "3"]
[White "sergio_damian"]
[Black "vivafischer"]
[Result "0-1"]
[WhiteElo "1911"]
[BlackElo "2084"]

1. e4 e6 2. d4 d5 3. e5 c5 4. c3 Nc6 5. Nf3 Qb6 6. Be2 Nh6 7. O-O cxd4 8. cxd4
Nf5 9. Nc3 Nfxd4 10. Nxd4 Nxd4 11. Be3 Nxe2+ 12. Nxe2 Qd8 13. Qa4+ Bd7 14. Qb3
Bc6 15. Nd4 Qd7 16. h3 Be7 17. Rac1 O-O 18. Bf4 Rac8 19. Qg3 f6 20. Bh6 Rf7 21.
Bf4 fxe5 22. Bxe5 Bf6 23. Rfe1 Bxe5 24. Rxe5 Rf6 25. Rg5 g6 26. Re1 Qf7 27. f3
Bd7 28. Rge5 Rc4 29. Nb3 b6 30. R5e2 Ba4 31. Na1 Bd7 32. Qb8+ Be8 33. Qd6 Rc6
34. Qg3 Qd7 35. Nb3 Rc4 36. Qf2 Qd6 37. Nd4 Bd7 38. Qh4 Kg7 39. Qf2 Kf7 40. Qe3
Qc5 41. Rd2 Rc1 42. Rxc1 Qxc1+ 43. Kh2 Qc7+ 44. Kh1 e5 45. Ne2 d4 46. Qh6 Kg8
47. Qh4 Kg7 48. Qg3 Qc5 49. a3 Bb5 50. Qe1 Bxe2 51. Qxe2 Rc6 52. Kh2 Qd5 53. Qa6
Rc7 54. Qa4 Qc6 55. Qd1 Qc1 56. Qe2 Kf6 57. Qf2 Qc5 58. f4 Kg7 59. f5 Rf7 60.
Rc2 Qd6 61. Qg3 Rxf5 62. Rd2 Rf6 63. Qg4 e4+ 64. Kg1 Rf4 65. Qc8 e3 66. Qb7+ Rf7
0-1

[Event "AUTO-MASTER-1951"]
[Site "http://www.queenalice.com/game.php?id=1218964"]
[Date "2013.9.22"]
[Round "1"]
[White "JORGESILVA19D"]
[Black "sergio_damian"]
[Result "1-0"]
[WhiteElo "2191"]
[BlackElo "1920"]

1. e4 e5 2. d4 exd4 3. c3 dxc3 4. Nxc3 Nc6 5. Bc4 Bb4 6. Nf3 d6 7. O-O Bxc3 8.
bxc3 Bg4 9. Qb3 Qf6 10. Qxb7 Rd8 11. Qxc6+ Rd7 12. Nd4 Ne7 13. Qa8+ Rd8 14. Bb5+
1-0

[Event "AUTO-MASTER-1951"]
[Site "http://www.queenalice.com/game.php?id=1218965"]
[Date "2013.9.22"]
[Round "1"]
[White "sergio_damian"]
[Black "JORGESILVA19D"]
[Result "0-1"]
[WhiteElo "1902"]
[BlackElo "2254"]

1. e4 c6 2. d4 d5 3. e5 Bf5 4. Be3 e6 5. c4 dxc4 6. Bxc4 Bb4+ 7. Nd2 Ne7 8. Nf3
O-O 9. O-O Nd5 10. Qb3 Nxe3 11. Qxe3 Nd7 12. a3 Bxd2 13. Nxd2 Nb6 14. Bb3 Rc8
15. Rac1 Qe7 16. Nc4 Nxc4 17. Bxc4 Rfd8 18. b4 b6 19. Bb3 c5 20. Qd2 Qh4 21. f4
h6 22. h3 Rxd4 23. Qf2 Qxf2+ 0-1

[Event "AUTO-MASTER-1951"]
[Site "http://www.queenalice.com/game.php?id=1218980"]
[Date "2013.9.22"]
[Round "1"]
[White "chaingang"]
[Black "sergio_damian"]
[Result "1-0"]
[WhiteElo "2223"]
[BlackElo "1915"]

1. e4 e5 2. Nf3 d6 3. Bc4 Be7 4. d4 exd4 5. Qxd4 Nf6 6. O-O Bg4 7. e5 dxe5 8.
Qxd8+ Bxd8 9. Nxe5 Be6 10. Bxe6 fxe6 11. Nc3 O-O 12. Bg5 h6 13. Bh4 Nfd7 14.
Bxd8 Rxd8 15. Rad1 c6 16. Rd6 Kh7 17. Rfd1 1-0

[Event "AUTO-MASTER-1951"]
[Site "http://www.queenalice.com/game.php?id=1218981"]
[Date "2013.9.22"]
[Round "1"]
[White "sergio_damian"]
[Black "chaingang"]
[Result "0-1"]
[WhiteElo "1889"]
[BlackElo "2231"]

1. e4 e5 2. Nf3 Nc6 3. Bc4 Bc5 4. d3 h6 5. Nc3 Nf6 6. a3 O-O 7. O-O d6 8. Na4
Bb6 9. Nxb6 axb6 10. h3 Bd7 11. Be3 Ne7 12. c3 Ng6 13. Nd2 Bc6 14. b4 d5 15.
exd5 Bxd5 16. Re1 Nh4 17. f3 Re8 18. Bf2 Ng6 19. Bg3 Nh5 20. Bh2 Nhf4 21. d4
exd4 22. cxd4 Rxe1+ 23. Qxe1 Bxc4 0-1

[Event "AUTO-MASTER-1951"]
[Site "http://www.queenalice.com/game.php?id=1218990"]
[Date "2013.9.22"]
[Round "1"]
[White "CCapivara"]
[Black "sergio_damian"]
[Result "1-0"]
[WhiteElo "2162"]
[BlackElo "1894"]

1. e4 e5 2. Nf3 d6 3. Bc4 Be7 4. O-O Nf6 5. d3 Bg4 6. Be3 O-O 7. Nbd2 Nc6 8. c3
Na5 9. Bb5 c6 10. Ba4 b5 11. Bc2 c5 12. d4 exd4 13. cxd4 c4 14. Qb1 h6 15. h3
Bxf3 16. Nxf3 d5 17. e5 Nd7 18. Bf5 Nb6 19. Qc1 f6 20. Bxh6 fxe5 21. Be6+ Kh8
22. Nxe5 Qe8 23. Bd2 Nc6 24. Nxc6 Qxc6 25. Re1 Bf6 26. Qd1 g6 27. Qg4 Rae8 28.
Bb4 1-0

[Event "AUTO-MASTER-1951"]
[Site "http://www.queenalice.com/game.php?id=1218991"]
[Date "2013.9.22"]
[Round "1"]
[White "sergio_damian"]
[Black "CCapivara"]
[Result "0-1"]
[WhiteElo "1900"]
[BlackElo "2158"]

1. e4 d6 2. d4 Nf6 3. Nc3 c6 4. Bg5 Nbd7 5. Bd3 e5 6. d5 Be7 7. Nf3 cxd5 8. exd5
O-O 9. Bxf6 Nxf6 10. O-O Bg4 11. h3 Bh5 12. Be2 a6 13. Qd3 b5 14. Ne4 Nxe4 15.
Qxe4 Bg6 16. Qe3 Bxc2 17. Rac1 Bg6 18. a3 e4 19. Nd4 Bg5 20. Nc6 Bxe3 21. Nxd8
Bxc1 22. Rxc1 Rfxd8 23. Rc6 Kf8 24. b3 Ke7 25. Rc7+ Rd7 26. Rc6 Kf6 27. Bg4 Bf5
0-1